Les 13 clubs Français les plus titrés depuis QSI. - Statistiques

Statistiques générales
  • Ce quiz a été pris 242 fois
  • Le résultat moyen est 12 sur 13
Statistiques - réponses
Titres Clubs Trophées % Correct
30 Paris SG 9 Ligue 16 Coupe de France 6 Coupe de la Ligue 9 Trophée des Champions
100%
2 LOSC Lille 1 Ligue 11 Trophée des Champions
98%
1 Olympique de Marseille 1 Coupe de la Ligue
98%
1 AS Monaco 1 Ligue 1
97%
2 Olympique Lyonnais 1 Coupe de France1 Trophée des Champions
97%
1 Montpellier HSC 1 Ligue 1
95%
1 FC Nantes 1 Coupe de France
94%
1 Stade Rennais 1 Coupe de France
93%
1 Toulouse FC 1 Coupe de France
90%
1 Girondins de Bordeaux 1 Coupe de France
89%
1 AS Saint-Etienne 1 Coupe de la Ligue
76%
1 RC Strasbourg 1 Coupe de la Ligue
74%
1 EA Guingamp 1 Coupe de France
66%
Aucun quiz correspondant
Distribution des résultats
% des personnes avec chaque résultat
Percentile par nombre de réponses
Votre historique - résultats
Vous n’avez pas pris ce quiz